Figures de Street-Workout par images (calisthénie) - Statistiques

Statistiques générales
  • Ce quiz a été pris 131 fois
  • Le résultat moyen est 14 sur 20
Statistiques - réponses
Par images Réponse % Correct
Handstand / équilibre
99%
Muscle Up
98%
Front Lever
96%
Human Flag / Drapeau
93%
L-sit / équerre
93%
Back Lever
91%
Full Planche
91%
Pistol Squat
89%
Pompe à une main
81%
Traction à une main
79%
Iron Cross / Croix de fer
78%
V-sit
71%
One Arm Planche
69%
Maltese
63%
Elbow Lever
62%
Dragon Flag
51%
Dragon Pistol Squat
37%
Impossible Dip
36%
Victorian Cross
20%
Hollow Back Handstand
9%
Aucun quiz correspondant
Distribution des résultats
% des personnes avec chaque résultat
Percentile par nombre de réponses
Votre historique - résultats
Vous n’avez pas pris ce quiz